Регионална библиотека "Любен Каравелов" - Русе

Бижу (Запис номер 16871)

MARC детайли
000 -Лидер
Контролно поле с фиксирана дължина 01086nam a2200301 c 4500
003 - Код на организацията, давaща контролен номер
Контролно поле BLK
005 - Дата и час на последна редакция
Контролно поле 20180420215215.0
008 - Елементи от данни с фиксирана дължина
fixed length control field 180413b bul|||||r ||||||| ||bul||
010 ## - Наследен системен номер
LC control number KNG00018775000
040 ## - Източник на каталожния запис
Идентификатор на билиотеката - собственик на записа BLK
041 ## - Код за език
Код за езика на текст/звукозапис или на отделно заглавие Български
Код за езика КДБФ Български
080 ## - УДК
Текстов определител УДК Американска литература (на САЩ)
УДК код - определител по УДК 821.111(73)
УДК определител -31
УДК - код + определител 821.111(73)-31
100 1# - Редна дума - Автор
Автор Рич, Мередит
Авторска отговорност първи автор
R(LIN) 258935
139 ## - Редно поле
Редна дума Рич, Мередит
Авторски знак Рич - Р 66
245 10 - Сведения за заглавието
Заглавие Бижу
Подзаглавни данни Роман
Редно поле (дума) Мередит Рич; прев. от англ. Иглика Стойнешка.
257 ## - Страна на издаване
Страна на създаване/издаване Съединени американски щати
260 ## - Област на издателските данни
-- Варна
Име на издателя, разпространителя и проч. Компас
Година на издаване 1997
Печатница В. Търново : Абагар
300 ## - Физическа характеристика
Страници 448 с.
Размери/Мащаб 20 см
380 ## - Жанр
Жанр Худож. лит.
490 1# - СЕРИИ (Колекции)
Име на серия Избрани женски романи
№: серия 2
500 ## - Общи забележки
Забележка Ориг. загл. Bijoux / Meredith Rich.
700 1# - Други автори (авторска отговорност)
Лично име Стойнешка, Иглика
Автороска отговорност (Описва отношението между автора и произведението) прев. от англ.
9 (RLIN) 254622
852 ## - Местоположение
Форматна сигнатура Цб 193819
856 4# - Електронен адрес и достъп
Електронен формат pdf - файл
Път до файла /url/
856 4# - Електронен адрес и достъп
Електронен формат pdf - файл
Път до файла /url/
942 ## - АРТИКУЛИ
Вид на библиотечния материал Книги
Скрит в OPAC Не
944 ## - СЪЗДАВАНЕ И РЕДАКЦИЯ на ЗАПИСА
Създаване/Редакция Създаване
Дата на регистрацията/редакция 15.01.2003
Служител, извършил регистрацията/редакцията Геновева_Генчева
944 ## - СЪЗДАВАНЕ И РЕДАКЦИЯ на ЗАПИСА
Създаване/Редакция Редакция
Дата на регистрацията/редакция 22.04.2010
Служител, извършил регистрацията/редакцията
999 ## - СИСТЕМНИ КОНТРОЛНИ НОМЕРА
Koha biblionumber 16871
Koha biblioitemnumber 16871
Наличности
Код за отписване Код за изгубен артикул Източник на класификационната схема Код за повреда Коз за рестрикции Код за отдаване Артикулен № Име на библиотеката - собственик Име на библиотеката, в която се намира в момента Статус (Текущо местоположение) Дата на вписване в системата Местоположение - отдел Цена в лева Инвентарен номер Систематично азбучна сигнатура Баркод Номер на екземпляра Цена в евро Служебна бележка Служебен тип на артикула
  Не е изгубен Universal Decimal Classification Не е повреден без рестрикции ползва се в читалня 28423 Регионална библиотека "Любен Каравелов" Русе Регионална библиотека "Любен Каравелов" Русе Хранилище 2001-01-01 Хранилище 3.10 635945 Цб 193819 120000635945 1 1.59 Дост: Dp Вид: Д N: 39 Дата: 01.01.1997 Книги
Изтеглен Не е изгубен Universal Decimal Classification Не е повреден без рестрикции заемане за дома 28424 Регионална библиотека "Любен Каравелов" Русе Регионална библиотека "Любен Каравелов" Русе Заемна - подръчен фонд 2001-01-01 Заемна - подръчен фонд 2.40 634872 П 820(73)-31/М 66 634872 2 1.23 Дост: Pk Вид: Ф N: стар фонд Дата: 01.01.1997 Книги
Vip Innovations Ltd, Rousse, Bulgaria 2025